000
00317nam a22001337a 4500
008
171002b xxu||||| |||| 00| 0 eng d
020
_a
9780669440423
041
_a
eng
080
_a
37
100
_a
47
101
_a
EDU
245
_a
WRITE AWAY AND HANDBOOK WRITERS AND LEARNERS
_c
KEMPER
942
_2
udc
_c
BK
999
_c
31127
_d
31127